| 000 | 00441nam a22001217a 4500 | ||
|---|---|---|---|
| 082 | _a220 PRO | ||
| 100 |
_aNC Syed Touseeq Hyder Abidi NC Muhammad Azeem NC Hamza Maqsood _970589 |
||
| 245 | _aPR-SOF-1812-DESIGN AND ANALYSIS OF COUNTER ROTATING WIND TURBINE | ||
| 260 |
_aISLAMABAD _bNUST COLLEGE OF EME _c2019 |
||
| 650 |
_aDE-MECH-37 _970562 |
||
| 700 |
_aSUPERVISOR Asst. Prof. Dr. Zafar Bangash Lt. Col. Imran Akhtar _970590 |
||
| 942 | _cCR | ||
| 999 |
_c577554 _d577554 |
||